Manual de capacidad de carreteras (Highway Capacity Manual).
Sparad:
| Institutionell upphovsman: | |
|---|---|
| Övriga upphovsmän: | , |
| Materialtyp: | Bok |
| Språk: | Spanish |
| Publicerad: |
España : Asociación Técnica de Carreteras
1987
|
| Ämnen: | |
| Taggar: |
Lägg till en tagg
Inga taggar, Lägg till första taggen!
|
MARC
| LEADER | 00000nam a2200000Ia 4500 | ||
|---|---|---|---|
| 003 | 002428 | ||
| 005 | 20221231143951.0 | ||
| 008 | 140114s1987 sp a 000 ||spa d | ||
| 040 | |c cru CEDI | ||
| 082 | |a 388.314.2 M294m | ||
| 110 | |9 21515 |a National Academies of Sciences, National Research Council (Estados Unidos). Transportation Research Board | ||
| 245 | |a Manual de capacidad de carreteras (Highway Capacity Manual). | ||
| 260 | |a España : Asociación Técnica de Carreteras |c 1987 | ||
| 300 | |a 636 páginas: ilustraciones | ||
| 500 | |a Versión española de la obra Highway Capacity Manual Special report 209 del Transportation Research Board,National Academy of Scienses, de los Estados Unidos de Norteamérica | ||
| 650 | |x AUTOPISTAS |x FLUJO DE TRAFICO |x INGENIERÍA DEL TRÁNSITO |x CONSTRUCCION DE CARRETERAS |x PLANIFICACION DE CARRETERAS |9 21516 | ||
| 700 | |9 21519 |a Gardeta-Oliveros, Juan G | ||
| 700 | |9 21520 |a Gardeta-Oliveros, Gonzalo | ||
| 942 | |2 ddc |c BK | ||
| 999 | |c 14938 |d 14938 | ||
